[Event "Eastern Asia-ch U18 Girls"]
[Site "Tornelo INT"]
[Date "2021.10.23"]
[Round "5"]
[White "Jalali, Saba"]
[Black "Mohammadi, Melika"]
[Result "1/2-1/2"]
[WhiteElo "1795"]
[BlackElo "1667"]
[PlyCount "142"]
[EventDate "2021.10.22"]
[EventType "swiss"]
[EventRounds "9"]
[EventCountry "NET"]
[SourceTitle "EXT 2023"]
[Source "ChessBase"]
[SourceDate "2022.10.05"]
[SourceVersion "1"]
[SourceVersionDate "2022.10.05"]
[SourceQuality "1"]

1. d4 d5 2. Nf3 Nf6 3. c4 e6 4. g3 Be7 5. Bg2 0-0 6. 0-0 dxc4 7. Qc2 a6 8. Bg5 h6 9. Bd2 b5 10. Ne5 Nd5 11. b3 cxb3 12. axb3 Bb7 13. Ba5 Bd6 14. Rc1 Nd7 15. Nc6 Bxc6 16. Qxc6 Ra7 17. Bxd5 Nb8 18. Qc2 exd5 19. Nc3 Qg5 20. e4 Nc6 21. Nxd5 Nxd4 22. Qd3 Ne6 23. Bd2 Qd8 24. Be3 c5 25. f4 Re8 26. Rd1 Bf8 27. Rac1 Ra8 28. e5 Rc8 29. Qe4 Nd4 30. Bxd4 cxd4 31. Qxd4 Rxc1 32. Rxc1 Qa5 33. b4 Qa3 34. Ra1 Qf3 35. Rf1 Qb3 36. Nc7 Rc8 37. Nxa6 Qa4 38. Ra1 Qb3 39. Nc5 Bxc5 40. bxc5 b4 41. Rc1 Qa3 42. Ra1 Qb3 43. f5 Qf3 44. Rf1 Qc3 45. Qxc3 bxc3 46. Rc1 Rxc5 47. g4 h5 48. h3 hxg4 49. hxg4 Rc4 50. Kh2 Kh7 51. Kg3 Kg8 52. Kf3 Kf8 53. Ke3 Ke7 54. Kd3 Rxg4 55. Rxc3 Rg3+ 56. Kd4 Rxc3 57. Kxc3 g6 58. fxg6 fxg6 59. Kd4 Ke6 60. Ke4 g5 61. Kf3 Kxe5 62. Kg4 Kf6 63. Kg3 Kf5 64. Kf3 g4+ 65. Kg3 Kg5 66. Kg2 Kf4 67. Kf2 g3+ 68. Kg2 Kg4 69. Kg1 Kf3 70. Kf1 g2+ 71. Kg1 Kg3 1/2-1/2

[Event "World School-ch U15 Girls"]
[Site "Antalya"]
[Date "2019.04.25"]
[Round "8"]
[White "Epa, W Buthmi J"]
[Black "Jalali, Saba"]
[Result "0-1"]
[WhiteElo "1405"]
[BlackElo "2054"]
[PlyCount "114"]
[EventDate "2019.04.18"]
[EventType "swiss"]
[EventRounds "9"]
[EventCountry "TUR"]
[SourceTitle "CBM 190 Extra"]
[Source "ChessBase"]
[SourceDate "2019.07.15"]
[SourceVersion "1"]
[SourceVersionDate "2019.07.15"]
[SourceQuality "1"]

1. d4 e6 2. c4 Nf6 3. a3 b6 4. Nc3 Bb7 5. d5 e5 6. g3 d6 7. Bg2 g6 8. Nf3 Bg7 9. e4 a5 10. Bg5 Na6 11. Rb1 h6 12. Be3 Nc5 13. Nd2 0-0 14. 0-0 Bc8 15. f3 Nfd7 16. b4 Na6 17. Qc2 f5 18. Ne2 Qe7 19. f4 fxe4 20. Nxe4 exf4 21. Nxf4 Ne5 22. Nd3 Rxf1+ 23. Rxf1 Nxd3 24. Qxd3 Bf5 25. b5 Re8 26. Rf4 Nc5 27. Bxc5 bxc5 28. Qd2 Qe5 29. g4 Qd4+ 30. Qxd4 Bxd4+ 31. Kf1 Bd7 32. a4 Kg7 33. h3 g5 34. Rf5 Bxf5 35. gxf5 Re5 36. f6+ Kf7 37. Bf3 Rf5 38. Kg2 Bxf6 39. Kg3 Be5+ 40. Kf2 Rf4 41. Ke3 Kg6 42. Be2 h5 43. Nf2 Bd4+ 44. Kd2 Rxf2 45. Ke1 Rf4 46. Bd3+ Kf6 47. Be2 g4 48. hxg4 hxg4 49. b6 cxb6 50. Bf1 g3 51. Bh3 Rf2 52. Kd1 g2 53. Bxg2 Rxg2 54. Kc1 Kf5 55. Kd1 Ke4 56. Ke1 Kd3 57. Kf1 Rg1# 0-1

[Event "World School-ch U15 Girls"]
[Site "Antalya"]
[Date "2019.04.22"]
[Round "5"]
[White "Jalali, Saba"]
[Black "Nurgali, Nazerke"]
[Result "1/2-1/2"]
[WhiteElo "2054"]
[BlackElo "2101"]
[PlyCount "98"]
[EventDate "2019.04.18"]
[EventType "swiss"]
[EventRounds "9"]
[EventCountry "TUR"]
[SourceTitle "CBM 190 Extra"]
[Source "ChessBase"]
[SourceDate "2019.07.15"]
[SourceVersion "1"]
[SourceVersionDate "2019.07.15"]
[SourceQuality "1"]

1. d4 d5 2. c4 e6 3. Nc3 Be7 4. cxd5 exd5 5. Bf4 Nf6 6. Qc2 c6 7. e3 0-0 8. Bd3 b6 9. Nge2 c5 10. Bg5 Nbd7 11. 0-0 Bb7 12. Bf5 g6 13. Bh3 Kg7 14. Rad1 c4 15. b3 Ba6 16. Rfe1 b5 17. bxc4 dxc4 18. d5 Qe8 19. Bxd7 Nxd7 20. Bxe7 Qxe7 21. d6 Qg5 22. Ne4 Qd8 23. Qb2+ Kg8 24. Nf4 Re8 25. Qd4 Bb7 26. Nc3 Qb6 27. Qxb6 axb6 28. Nxb5 Rxa2 29. Nc7 Re5 30. Nfd5 Bxd5 31. Nxd5 b5 32. f4 Re8 33. e4 Rea8 34. e5 Rb2 35. Nf6+ Kg7 36. Nxd7 Raa2 37. Re3 Rxg2+ 38. Kf1 Rgf2+ 39. Ke1 Rxh2 40. Rf3 Rh1+ 41. Rf1 Rhh2 42. Rf3 Rae2+ 43. Kf1 Rb2 44. Kg1 Rhg2+ 45. Kf1 Rh2 46. Kg1 Rbg2+ 47. Kf1 Rb2 48. Kg1 Rhg2+ 49. Kf1 Rh2 1/2-1/2

[Event "World School-ch U15 Girls"]
[Site "Antalya"]
[Date "2019.04.20"]
[Round "3"]
[White "Jalali, Saba"]
[Black "Rzali, Sabina"]
[Result "1/2-1/2"]
[WhiteElo "2054"]
[BlackElo "1674"]
[PlyCount "65"]
[EventDate "2019.04.18"]
[EventType "swiss"]
[EventRounds "9"]
[EventCountry "TUR"]
[SourceTitle "CBM 190 Extra"]
[Source "ChessBase"]
[SourceDate "2019.07.15"]
[SourceVersion "1"]
[SourceVersionDate "2019.07.15"]
[SourceQuality "1"]

1. d4 d5 2. c4 dxc4 3. Nf3 Nf6 4. e3 e6 5. Bxc4 Be7 6. 0-0 0-0 7. Nc3 Nbd7 8. Qe2 c5 9. Rd1 a6 10. a3 b5 11. Ba2 Bb7 12. dxc5 Bxc5 13. b4 Ba7 14. a4 Qc7 15. Bb2 bxa4 16. Rac1 Bc6 17. Nxa4 Qb7 18. Nc5 Nxc5 19. bxc5 Ne4 20. Bd4 Ba4 21. Ne5 Bxd1 22. Qxd1 Rfd8 23. Qc2 Bxc5 24. Bxc5 Rac8 25. Nd3 Qd7 26. Bb1 Nxc5 27. Nxc5 Rxc5 28. Qxh7+ Kf8 29. Rf1 Rc1 30. Qh8+ Ke7 31. Qh4+ Ke8 32. Qh8+ Ke7 33. Qh4+ 1/2-1/2

[Event "World School-ch U15 Girls"]
[Site "Antalya"]
[Date "2019.04.19"]
[Round "2"]
[White "Nesanir, Selin"]
[Black "Jalali, Saba"]
[Result "1/2-1/2"]
[WhiteElo "1668"]
[BlackElo "2054"]
[PlyCount "102"]
[EventDate "2019.04.18"]
[EventType "swiss"]
[EventRounds "9"]
[EventCountry "TUR"]
[SourceTitle "CBM 190 Extra"]
[Source "ChessBase"]
[SourceDate "2019.07.15"]
[SourceVersion "1"]
[SourceVersionDate "2019.07.15"]
[SourceQuality "1"]

1. e4 e6 2. d4 d5 3. Nc3 Bb4 4. e5 c5 5. Qg4 Ne7 6. dxc5 Bxc3+ 7. bxc3 Qa5 8. Bd2 Nbc6 9. Qxg7 Rg8 10. Qf6 Bd7 11. Nf3 0-0-0 12. g3 Rdf8 13. Bd3 Ng6 14. 0-0 h5 15. h4 Qxc5 16. Rfe1 Rh8 17. Kg2 d4 18. c4 Nb8 19. a3 a5 20. Be4 Bc6 21. Bxc6 Qxc6 22. Bxa5 Nd7 23. Qg5 Ngxe5 24. Qf4 Nxf3 25. Qxf3 Qxf3+ 26. Kxf3 e5 27. Bb4 Re8 28. c3 dxc3 29. Bxc3 Rhg8 30. Re3 Rg4 31. Rae1 f6 32. Re4 Rg7 33. Kg2 Rge7 34. f4 f5 35. R4e3 e4 36. Bd4 Re6 37. Rb1 b6 38. Rb5 Rd6 39. Bc3 Nc5 40. Bb4 Rc6 41. Bxc5 Rxc5 42. Rxb6 Rxc4 43. Rh6 Rc2+ 44. Kf1 Rd8 45. Rxh5 Rd1+ 46. Re1 Rdd2 47. Rxf5 Rf2+ 48. Kg1 Rg2+ 49. Kh1 Rh2+ 50. Kg1 Rhg2+ 51. Kh1 Rh2+ 1/2-1/2

[Event "World School-ch U15 Girls"]
[Site "Antalya"]
[Date "2019.04.18"]
[Round "1"]
[White "Jalali, Saba"]
[Black "Ilkbahar, Nimet Seray"]
[Result "1-0"]
[WhiteElo "2054"]
[BlackElo "1529"]
[PlyCount "67"]
[EventDate "2019.04.18"]
[EventType "swiss"]
[EventRounds "9"]
[EventCountry "TUR"]
[SourceTitle "CBM 190 Extra"]
[Source "ChessBase"]
[SourceDate "2019.07.15"]
[SourceVersion "1"]
[SourceVersionDate "2019.07.15"]
[SourceQuality "1"]

1. d4 d6 2. e4 g6 3. Nc3 Bg7 4. h3 a6 5. a4 b6 6. Nf3 Bb7 7. Bd3 Nd7 8. 0-0 c5 9. d5 Ngf6 10. Bf4 0-0 11. Re1 Re8 12. Bh2 Qc7 13. Bc4 Red8 14. e5 dxe5 15. Nxe5 Nxe5 16. Bxe5 Qd7 17. Qe2 Re8 18. Rad1 Qf5 19. Rd3 Qd7 20. Qe3 Rad8 21. Rdd1 Qc8 22. Rd2 Rd7 23. Red1 Qa8 24. Qf4 Nh5 25. Qe3 Nf6 26. Qf4 Nh5 27. Qe3 Nf6 28. Be2 Red8 29. Bf3 Nxd5 30. Nxd5 Bxd5 31. Bxg7 Kxg7 32. Qe5+ f6 33. Qe3 Kf7 34. c4 1-0

[Event "Asia Nations Cup (Women) rapid"]
[Site "Hamedan"]
[Date "2018.07.27"]
[Round "5"]
[White "Jalali, Saba"]
[Black "Hoang, Thi Bao Tram"]
[Result "1/2-1/2"]
[WhiteElo "1659"]
[BlackElo "2329"]
[PlyCount "126"]
[EventDate "2018.07.27"]
[EventType "team-tourn (rapid)"]
[EventRounds "7"]
[EventCountry "IRI"]
[SourceTitle "CBM 186 Extra"]
[Source "ChessBase"]
[SourceDate "2018.08.24"]
[SourceVersion "1"]
[SourceVersionDate "2018.08.24"]
[SourceQuality "1"]

1. d4 d5 2. c4 c6 3. cxd5 cxd5 4. Nc3 Nc6 5. Bf4 Nf6 6. e3 a6 7. Bd3 e6 8. Nf3 Be7 9. h3 0-0 10. 0-0 b5 11. Rc1 Bb7 12. Ne5 Nxe5 13. Bxe5 Rc8 14. a3 Nd7 15. Bh2 Nb6 16. Rc2 Nc4 17. Qc1 Qd7 18. Nb1 Nb6 19. b3 Rxc2 20. Qxc2 Rc8 21. Qe2 g6 22. Kh1 Qc6 23. f4 Nd7 24. Bg3 Nf6 25. Bh4 Nh5 26. Qf2 Qd7 27. g4 Nf6 28. Bxf6 Bxf6 29. g5 Be7 30. h4 Bd6 31. Kg2 Kf8 32. h5 Ke7 33. hxg6 hxg6 34. Rh1 Rg8 35. Rh7 Ke8 36. Qh4 Qe7 37. Qh6 Qf8 38. Qxf8+ Kxf8 39. b4 Ke8 40. Nd2 Bc6 41. Nb3 Be7 42. Kf3 Rf8 43. e4 Kd7 44. e5 Bb7 45. Ke3 Bc6 46. Nd2 Kd8 47. Nb1 Kd7 48. Nc3 Kd8 49. Nd1 Bd7 50. Nf2 a5 51. bxa5 Bxa3 52. a6 Kc8 53. Ng4 Kb8 54. Nf6 Bc1+ 55. Kf3 Bc6 56. a7+ Ka8 57. Rg7 Rh8 58. Nh7 Be8 59. Bb1 b4 60. Bc2 Bb2 61. Ke3 Bc1+ 62. Kf3 Bb2 63. Ke3 Bc1+ 1/2-1/2

[Event "Al Ain U20 op 1st"]
[Site "Al Ain"]
[Date "2018.01.04"]
[Round "7"]
[White "Jalali, Saba"]
[Black "Asatryan, Sona"]
[Result "1/2-1/2"]
[WhiteElo "1682"]
[BlackElo "2171"]
[PlyCount "116"]
[EventDate "2017.12.30"]
[EventType "swiss"]
[EventRounds "9"]
[EventCountry "UAE"]
[SourceTitle "CBM 182 Extra"]
[Source "ChessBase"]
[SourceDate "2018.02.23"]
[SourceVersion "1"]
[SourceVersionDate "2018.02.23"]
[SourceQuality "1"]

1. d4 Nf6 2. c4 e6 3. Nc3 Bb4 4. e3 0-0 5. Nge2 d5 6. a3 Be7 7. Nf4 c6 8. cxd5 exd5 9. Bd3 Re8 10. 0-0 Nbd7 11. f3 Nf8 12. Nfe2 c5 13. Qe1 cxd4 14. Nxd4 Ne6 15. Nce2 Bc5 16. Qf2 Nd7 17. b4 Bb6 18. Rd1 Ne5 19. Bc2 Nc4 20. Bb3 Qf6 21. Ra2 a5 22. Bxc4 dxc4 23. Rc2 Nxd4 24. Nxd4 axb4 25. axb4 Be6 26. Bd2 Bxd4 27. exd4 Bf5 28. Rcc1 h6 29. Bc3 b5 30. Ra1 Bd3 31. Rxa8 Rxa8 32. Ra1 Re8 33. Re1 Ra8 34. Ra1 Ra4 35. Qe1 Qf4 36. Rxa4 bxa4 37. Qd2 Qf5 38. Qe3 Kh7 39. Qe5 a3 40. Qxf5+ Bxf5 41. d5 Kg8 42. Kf2 Kf8 43. Ke3 Ke7 44. Kd4 Kd6 45. Kxc4 g6 46. f4 Be4 47. Be5+ Kd7 48. g3 a2 49. b5 Bg2 50. b6 Bf1+ 51. Kb3 Bg2 52. Kc4 Bf1+ 53. Kc5 Ba6 54. g4 Bc8 55. g5 hxg5 56. fxg5 Bb7 57. Bc3 Ba6 58. h4 Bb7 1/2-1/2

[Event "Al Ain U20 op 1st"]
[Site "Al Ain"]
[Date "2018.01.03"]
[Round "6"]
[White "Jalali, Saba"]
[Black "Alshamsi, Sultan Fadel"]
[Result "1-0"]
[WhiteElo "1682"]
[BlackElo "1386"]
[PlyCount "43"]
[EventDate "2017.12.30"]
[EventType "swiss"]
[EventRounds "9"]
[EventCountry "UAE"]
[SourceTitle "CBM 182 Extra"]
[Source "ChessBase"]
[SourceDate "2018.02.23"]
[SourceVersion "1"]
[SourceVersionDate "2018.02.23"]
[SourceQuality "1"]

1. d4 g6 2. c4 Bg7 3. e4 c5 4. Nf3 cxd4 5. Nxd4 Nc6 6. Be3 Nf6 7. Nc3 d6 8. Be2 Bd7 9. 0-0 0-0 10. f3 Rc8 11. Qd2 a6 12. Kh1 Kh8 13. f4 Re8 14. Nxc6 Bxc6 15. Bf3 Qd7 16. Nd5 Bxd5 17. cxd5 Ng4 18. Bd4 Nf6 19. Bc3 Kg8 20. e5 dxe5 21. fxe5 Ng4 22. e6 1-0